000 01005nam a22003137a 4500
001 BR2016002642
003 BR-BrBNA
005 20230928104905.0
007 ta
008 230509b bl.||||| |||| 00| 0 por d
040 _aBR-BrBNA
_bpor
_cBiblioteca Nacional de Agricultura
041 _a(Por)
072 _aH10
_b0120
_b4020
_b2890
090 _ 0120 BR2016002642
100 1 _aCosta, D. de C.M.
110 1 _aUniversidade Federal de Lavras, MG (Brasil)
_0Tese (Mestrado)
245 1 _aToxicidade de extratos botânicos de Fabácea e Rubiácea para Spodoptera frugiperda (J.E. Smith, 1797)(Lepidoptera: Noctuidae)
260 3 _aLavras, MG (Brasil):
_c2015.
300 _a73 p.
500 _aSummaries (Eng, Por); Bibliography p. 63-73; 6 tables; 12 illus.
650 _aMILHO
650 _aINSETO
650 _aSPODOPTERA FRUGIPERDA
650 _aLEPIDOPTERO
650 _aINSETICIDA DE ORIGEM VEGETAL
650 _aRUBIÁCEAE
909 _a202309
_bLucia
_c55
_dLucia Elande
942 _cBK
999 _c82294
_d82294